[Event "Mittelfrankenliga-B2 0607 playoff"]
[Site "Mittelfranken"]
[Date "2007.05.20"]
[Round "1.8"]
[White "Raith, Stefan"]
[Black "Strobel, Norbert"]
[Result "0-1"]
[WhiteElo "1759"]
[BlackElo "1938"]
[PlyCount "63"]
[EventDate "2007.05.20"]
[EventType "team-match"]
[EventRounds "1"]
[EventCountry "GER"]
[SourceTitle "EXT 2011"]
[Source "ChessBase"]
[SourceDate "2010.11.26"]
[SourceVersion "1"]
[SourceVersionDate "2010.11.26"]
[SourceQuality "1"]
[WhiteTeam "Neustadt"]
[BlackTeam "Cadolzburg"]
[WhiteTeamCountry "GER"]
[BlackTeamCountry "GER"]

1. e4 d6 2. c4 g6 3. g3 Bg7 4. Bg2 c5 5. d3 Nc6 6. Ne2 a6 7. 0-0 b5 8. e5 Bb7 9. exd6 Qxd6 10. Qb3 Na5 11. Qa3 Bxg2 12. Kxg2 Qb6 13. Nbc3 Nf6 14. cxb5 axb5 15. b4 Qb7+ 16. Kg1 Nc6 17. Qb3 cxb4 18. Nd1 0-0 19. Bb2 Rfd8 20. Ne3 e6 21. Rfd1 Nd5 22. d4 Na5 23. Qc2 Rac8 24. Qd3 Nc4 25. Bc1 Ndxe3 26. fxe3 Ne5 27. Qb1 Nf3+ 28. Kf2 Nxh2 29. e4 Ng4+ 30. Kf3 f5 31. Bg5 Rf8 32. Be7 0-1

[Event "Mittelfrankenliga-B2a 0607"]
[Site "Mittelfranken"]
[Date "2007.02.11"]
[Round "6.7"]
[White "Raith, Stefan"]
[Black "Klek, Hanna Marie"]
[Result "1/2-1/2"]
[WhiteElo "1759"]
[BlackElo "1980"]
[PlyCount "112"]
[EventDate "2006.10.22"]
[EventType "team-tourn"]
[EventRounds "9"]
[EventCountry "GER"]
[SourceTitle "EXT 2011"]
[Source "ChessBase"]
[SourceDate "2010.11.26"]
[SourceVersion "1"]
[SourceVersionDate "2010.11.26"]
[SourceQuality "1"]
[WhiteTeam "Neustadt"]
[BlackTeam "Erlangen SC II"]
[WhiteTeamCountry "GER"]
[BlackTeamCountry "GER"]

1. e4 d5 2. exd5 Qxd5 3. Nf3 Nf6 4. Nc3 Qd6 5. d4 a6 6. h3 Nc6 7. Be3 b5 8. a3 Bb7 9. Be2 e6 10. 0-0 Be7 11. Qd2 0-0 12. b4 Rfd8 13. Rfd1 Qd7 14. Bf4 Bd6 15. Ne5 Bxe5 16. dxe5 Qxd2 17. Rxd2 Rxd2 18. Bxd2 Nxe5 19. Bf4 Ng6 20. Bg3 Rd8 21. Rd1 Rxd1+ 22. Bxd1 Ne8 23. a4 bxa4 24. Nxa4 Bc6 25. Nc5 Bb5 26. f3 Ne7 27. c3 Nd5 28. Be1 Nd6 29. Bb3 Kf8 30. Kf2 Ke7 31. g3 Nc4 32. Ba4 Nb2 33. Bb3 Kd6 34. Bc2 h6 35. Bd2 Nc4 36. Be1 Kc6 37. Nb3 e5 38. Be4 Kd6 39. Nc5 c6 40. Bd3 g6 41. Ke2 Ke7 42. Bd2 h5 43. Ne4 f6 44. Nf2 Kf7 45. Nd1 g5 46. Bc1 Kg7 47. Kf2 Kf7 48. Ke2 Ke6 49. Kf2 Ne7 50. g4 h4 51. Ke2 Nd5 52. Kf2 Nf4 53. Bxf4 exf4 54. Ke2 Ne5 55. Bxb5 axb5 56. Nf2 f5 1/2-1/2